Héroes y mártires

שמור ב:
מידע ביבליוגרפי
מחבר תאגידי: CONAPRO
פורמט: Texto
יצא לאור: Managua: CONAPRO
תגים: הוספת תג
אין תגיות, היה/י הראשונ/ה לתייג את הרשומה!

MARC

LEADER 00000 a a2200000 04500
001 21437
003
040
090 |a 094500  
110 |a CONAPRO  
245 |a Héroes y mártires  
260 |a Managua:   |b CONAPRO  
300 |a 34 p.  
999 |c 12215  |d 12215